Thuật ngữ học tiếng Việt hiện đại

Salvato in:
Dettagli Bibliografici
Autore principale: Nguyễn Đức Tồn GS.TS. (chủ biên)
Natura: Libro
Lingua:Vietnamese
Pubblicazione: H. Khoa học xã hội 2016
Soggetti:
Tags: Aggiungi Tag
Nessun Tag, puoi essere il primo ad aggiungerne! !
Thư viện lưu trữ: Mạng thư viện Đại học Đà Nẵng
LEADER 01180nam a2200325 4500
001 000025344
003 21837
005 20170929110917.0
008 170929s2016 viesd
020 |c 106000 
041 0 |a vie 
082 1 4 |a 495.922014  |b NG-T 
100 1 |a Nguyễn Đức Tồn  |c GS.TS.  |e chủ biên 
245 1 0 |a Thuật ngữ học tiếng Việt hiện đại  |c Nguyễn Đức Tồn (ch.b.) 
260 |a H.  |b Khoa học xã hội  |c 2016 
300 |a 403 tr.  |b bảng  |c 24 cm. 
500 |a ĐTTS ghi: Viện hàn lâm khoa học xã hội Việt Nam. Viện ngôn ngữ học. 
504 |a Thư mục: tr. 379-403 
650 0 4 |a Tiếng Việt  |x Thuật ngữ học 
653 |a Tiếng Việt 
OWN |a LSP 
AVA |a UDN50  |b LSP  |d 495.922014 NG-T  |e available  |t Error 5001 Not defined in file expand_doc_bib_avail.  |f 1  |g 0  |h N  |i 0  |k 1 
999 |a From the UDN01 
AVA |a UDN50  |b LSP  |d 495.922014 NG-T  |e available  |t Error 5001 Not defined in file expand_doc_bib_avail.  |f 1  |g 0  |h N  |i 0  |k 1 
TYP |a Monograph 
TYP |a Printed language 
980 |a Mạng thư viện Đại học Đà Nẵng